Luke: historian and theologian, (Record no. 1218)
[ view plain ]
| 000 -LEADER | |
|---|---|
| fixed length control field | 01110cam a2200337 4500 |
| 001 - CONTROL NUMBER | |
| control field | 2700803 |
| 003 - CONTROL NUMBER IDENTIFIER | |
| control field | GBCCL |
| 005 - DATE AND TIME OF LATEST TRANSACTION | |
| control field | 20241126110356.0 |
| 008 - FIXED-LENGTH DATA ELEMENTS--GENERAL INFORMATION | |
| fixed length control field | 710419s1970 enk b 001 0 eng |
| 010 ## - | |
| -- | 75550457 |
| 015 ## - | |
| -- | B70-28252 |
| 020 ## - INTERNATIONAL STANDARD BOOK NUMBER | |
| International Standard Book Number | 0853641048 |
| 040 ## - CATALOGING SOURCE | |
| Original cataloging agency | DLC |
| Transcribing agency | DLC |
| Modifying agency | DLC |
| 050 00 - | |
| -- | BS2589 |
| -- | .M37 |
| 082 00 - DEWEY DECIMAL CLASSIFICATION NUMBER | |
| Classification number | 226.406 |
| Item number | MAR |
| 100 1# - MAIN ENTRY--PERSONAL NAME | |
| Personal name | Marshall, I. Howard. |
| 9 (RLIN) | 2273 |
| 245 10 - TITLE STATEMENT | |
| Title | Luke: historian and theologian, |
| Statement of responsibility, etc. | by I. Howard Marshall. |
| 260 ## - PUBLICATION, DISTRIBUTION, ETC. | |
| Place of publication, distribution, etc. | Exeter, |
| Name of publisher, distributor, etc. | Paternoster P., |
| Date of publication, distribution, etc. | c1970, 1997 |
| 300 ## - PHYSICAL DESCRIPTION | |
| Extent | 238 p. |
| Dimensions | 23 cm. |
| 350 ## - PRICE (NR) (BK AM CF MU VM SE) [OBSOLETE] | |
| Price | 35/- |
| 504 ## - BIBLIOGRAPHY, ETC. NOTE | |
| Bibliography, etc. note | Includes bibliographical references. |
| 630 #0 - SUBJECT ADDED ENTRY--UNIFORM TITLE | |
| Uniform title | Bible. |
| Name of part/section of a work | Luke |
| General subdivision | Theology. |
| 9 (RLIN) | 2274 |
| 630 00 - SUBJECT ADDED ENTRY--UNIFORM TITLE | |
| Uniform title | Bible. |
| Name of part/section of a work | Acts |
| General subdivision | Theology. |
| 9 (RLIN) | 2275 |
| 630 00 - SUBJECT ADDED ENTRY--UNIFORM TITLE | |
| Uniform title | Bible. |
| Name of part/section of a work | Luke |
| General subdivision | History of Biblical events. |
| 9 (RLIN) | 2276 |
| 630 00 - SUBJECT ADDED ENTRY--UNIFORM TITLE | |
| Uniform title | Bible. |
| Name of part/section of a work | Acts |
| General subdivision | History of Biblical events. |
| 9 (RLIN) | 2277 |
| 630 00 - SUBJECT ADDED ENTRY--UNIFORM TITLE | |
| Uniform title | Bible. |
| Name of part/section of a work | Luke |
| General subdivision | History of contemporary events. |
| 9 (RLIN) | 2278 |
| 630 00 - SUBJECT ADDED ENTRY--UNIFORM TITLE | |
| Uniform title | Bible. |
| Name of part/section of a work | Acts |
| General subdivision | History of contemporary events. |
| 9 (RLIN) | 2279 |
| 650 #0 - SUBJECT ADDED ENTRY--TOPICAL TERM | |
| Topical term or geographic name entry element | Salvation |
| General subdivision | Biblical teaching. |
| 9 (RLIN) | 2280 |
| 906 ## - LOCAL DATA ELEMENT F, LDF (RLIN) | |
| a | 7 |
| b | cbc |
| c | orignew |
| d | 3 |
| e | ncip |
| f | 19 |
| g | y-gencatlg |
| 942 ## - ADDED ENTRY ELEMENTS (KOHA) | |
| Source of classification or shelving scheme | Dewey Decimal Classification |
| Koha item type | Books |
| Koha issues (borrowed), all copies | 10 |
| Withdrawn status | Lost status | Source of classification or shelving scheme | Damaged status | Not for loan | Home library | Current Library | Shelving location | Date acquired | Total checkouts | Full call number | Barcode | Date last seen | Date last checked out | Copy number | Price effective from | Koha item type |
|---|---|---|---|---|---|---|---|---|---|---|---|---|---|---|---|---|
| Dewey Decimal Classification | GRACE BIBLE COLLEGE | GRACE BIBLE COLLEGE | Biblical Studies | 2017-04-21 | 10 | 226.406 MAR | 006093 | 2025-05-01 | 2024-02-19 | c.1 | 2017-04-21 | Books |